Náboženstvo lásky Teológia úcty k Ježišovmu Božskému Srdcu

Bibliographic Details
Main Authors: Sintas, Louis (Author), Holas, Antonín (Author)
Format: Article
Language:Slovak
Subjects:

MARC

LEADER 00000nab a2200000 a 4500
001 vtls000487877
003 SK-MaSNL
005 20260303004247.0
008 120927c1993 xo 0 slo
015 |a SNBRB19rr/mm-uuuuu 
035 |a CL0488014 
040 |a SNKBUCL  |b slo  |c SNKBUCL  |e AACR2 
041 0 |a slo 
044 |a xo  |c SK 
080 |a 282:061.3  |2 1981 
100 1 |a Sintas, Louis  |4 aut  |9 983059 
245 1 0 |a Náboženstvo lásky  |b Teológia úcty k Ježišovmu Božskému Srdcu  |c Louis Sintas, Antonín Holas 
650 0 7 |a Apoštolát modlitby  |2 snkbucl  |9 983060 
655 7 |a články z novín a časopisov  |2 snkbucl  |9 267496 
700 1 |a Holas, Antonín  |4 aut  |9 983061 
773 0 |t Viera a život  |g Roč. 3, č. 3 (1993), s. 215-232 
850 |a Slovenská národná knižnica v Martine  |a MTA001 
852 |a SNK  |b KIS3GCP 
958 |a RK 
992 |a RBX 
999 |c 1576834  |d 1578764